000 00334nam a22000977a 4500
008 220110b ||||| |||| 00| 0 eng d
100 _aJoraschek, Josef
245 _aStararchiteckten und Philatelie (Star Architects and Philately
_bKunst im Gross- u. Kleinformat
260 _bDeutsche Post
_c2007
650 _aTopical; Architecture; Germany
999 _c3270
_d3270